000
00264nam a2200109Ia 4500
008
190216s9999||||xx |||||||||||||| ||und||
100
_a
Aggarwala S K Phaul D S
245
0
_a
Objective Type Botany
260
_b
Bright Careers
_c
1994
300
_a
360p
942
_c
REF
999
_c
36393
_d
36393